000
00296nam a2200109Ia 4500
001
588806
005
20250717120838.0
008
250717s9999 xx 000 0 und d
245
0
_a
V-14 ŞEFİK EN ÇOK KİMİ SEVİYORUM
_c
M.SALİH SIRMAÇEKİÇ
260
_b
TİMAŞ YAYINLARI
_c
2016
300
_b
93
999
_c
588806
_d
588806